LEADER 00705nam2 22002171i 450 001 990002326840403321 035 $a000232684 035 $aFED01000232684 035 $a(Aleph)000232684FED01 035 $a000232684 100 $a20030801d--------km-y0itay50------ba 200 1 $aFattori chemiotattici per neutrofili ed eosinofili nelle allergie e nell'asma. Torino, 1992, p. 142-148. 463 0$1001000222843 701 1$aKay,$bA. B.$097831 801 0$aIT$bUNINA$gRICA$2UNIMARC 901 $aBK 912 $a990002326840403321 959 $aFFABC 996 $aFattori chemiotattici per neutrofili ed eosinofili nelle allergie e nell'asma. Torino, 1992, p. 142-148$9389947 997 $aUNINA DB $aING01 LEADER 02276nas 2200601-a 450 001 996211933903316 005 20230228213019.0 011 $a1099-1719 035 $a(OCoLC)44092676 035 $a(CKB)954933184416 035 $a(CONSER)--2001212275 035 $a(MiAaPQ)33033 035 $a(DE-599)ZDB2021120-X 035 $a(EXLCZ)99954933184416 100 $a20000522a19939999 s-- a 101 0 $aeng 135 $aurmn||||||||| 181 $ctxt$2rdacontent 182 $cc$2rdamedia 183 $acr$2rdacarrier 200 10$aSustainable development 210 $a[Chichester] $cJohn Wiley & Sons $cERP Environment 215 $a1 online resource 300 $aPublished: Bradford, West Yorkshire, England : MCB University Press in association with the International Land Management Research Centre, 1993- ; published: [Chichester] : John Wiley & Sons, Ltd. : ERP Environment, <1996-> 300 $aRefereed/Peer-reviewed 311 $a0968-0802 531 $aSUSTAINABLE DEV 531 $aSUSTAIN DEV 531 $aSUSTAIN. DEV 531 0 $aSustain. dev. 606 $aSustainable development$vPeriodicals 606 $aEconomic development$xEnvironmental aspects$vPeriodicals 606 $aDéveloppement durable$vPériodiques 606 $aDéveloppement économique$xAspect de l'environnement$vPériodiques 606 $aSustainable Development$2ebps$3(uri) http://id.worldcat.org/fast/fst01139731 606 $aEconomic development$xEnvironmental aspects$2fast$3(OCoLC)fst00901808 606 $aSustainable development$2fast$3(OCoLC)fst01139731 608 $aPeriodicals.$2fast 608 $aPeriodicals.$2lcgft 615 0$aSustainable development 615 0$aEconomic development$xEnvironmental aspects 615 6$aDéveloppement durable 615 6$aDéveloppement économique$xAspect de l'environnement 615 7$aSustainable Development. 615 7$aEconomic development$xEnvironmental aspects. 615 7$aSustainable development. 676 $a333 712 02$aUniversity of Queensland.$bInternational Land Management Research Centre, 712 02$aERP Environment (Firm), 906 $aJOURNAL 912 $a996211933903316 996 $a?????$91913407 997 $aUNISA